die first - Nessa Barrett - Statistics

General Stats
  • This quiz has been taken 13 times
  • The average score is 243 of 308
Answer Stats
Hint Answer % Correct
a
100%
ever
100%
I
100%
to
100%
you
100%
Verse 1 | Verse 2 You're
100%
and
86%
be
86%
can
86%
'cause
86%
die
86%
dies
86%
don't
86%
first
86%
forever
86%
hope
86%
how
86%
if
86%
later
86%
learn
86%
love
86%
me
86%
my
86%
no
86%
now
86%
of
86%
one
86%
or
86%
so
86%
the
86%
us
86%
wanna
86%
what
86%
without
86%
all
71%
but
71%
curse
71%
in
71%
it
71%
live
71%
maybe
71%
tell
71%
that
71%
that's
71%
wanted
71%
whats
71%
what's
71%
why
71%
asleep
57%
break
57%
end
57%
fall
57%
fire
57%
gets
57%
gonna
57%
hurt
57%
i'm
57%
is
57%
losing
57%
mean
57%
never
57%
safety
57%
say
57%
Pre Chorus Someone
57%
someone
57%
there's
57%
worse
57%
afraid
43%
can't
43%
Bridge Can't
43%
make
43%
matter
43%
only
43%
this
43%
two
43%
ways
43%
works
43%
you'll
43%
by
29%
escape
29%
everybody's
29%
head
29%
inside
29%
leaving
29%
promise
29%
stay
29%
still
29%
thoughts
29%
come
14%
haunted
14%
someday
14%
No matching quizzes found
Score Distribution
Percent of People with Each Score
Percentile by Number Answered
Your Score History
You have not taken this quiz